| 000 | 00753nam a2200241 i 4500 | ||
|---|---|---|---|
| 001 | 89294 | ||
| 003 | ES-MaACL | ||
| 005 | 20250813063311.0 | ||
| 007 | t| | ||
| 008 | 050110s1961 sp ||||1| spa d | ||
| 080 | _a341.176(4-672 CEE) | ||
| 080 | _a338.2(460) | ||
| 100 | 1 |
_aLarraz, José, _d1904-1973 _970328 |
|
| 245 | 1 | 3 |
_aLa integración europea y España / _cJosé Larraz López. |
| 260 |
_aMadrid : _bEspasa-Calpe, _c1961. |
||
| 300 |
_a141 p. ; _c22 cm. |
||
| 610 | 2 | 4 |
_aComunidad Económica Europea. _93130 |
| 651 | 4 |
_aEspaña- _xPolítica económica- _y1955-1975. _98408 |
|
| 852 | 4 |
_aES-MaACL _jAND-295 _z- Biblioteca Juan Andrade |
|
| 852 | 4 |
_aES-MaACL _jC-22559 |
|
| 852 | 4 |
_aES-MaACL _jF-6305 |
|
| 999 |
_c89294 _d89294 |
||